00204nam a2200073Ia 4500082000800000245002500008100005600033008004100089 aBEY 0aWIND DEUR DIE DENNE  a BEYERS-BOSHOFF, C F (Christiaan Frederik) 1959 210817s9999 xx 000 0 und d